| 000 | 00368nam a22001217a 4500 | ||
|---|---|---|---|
| 082 |
_a741.2172 _bHAL _cL-12, P-31 |
||
| 100 |
_aHall B, J _945821 |
||
| 245 |
_aplan copying in black lines _bfor hot countries |
||
| 260 |
_aBritain _bprinted in great Britain at the pitman press, bath |
||
| 526 |
_a0 _b0 _c0 _d30363_000000000000000 |
||
| 650 |
_aMCE _9379 |
||
| 942 |
_2ddc _cBK |
||
| 999 |
_c549261 _d549261 |
||